Η πρώτη αγάπη και άλλα διηγήματα
Saved in:
| Main Author: | |
|---|---|
| Format: | Book |
| Language: | Greek |
| Published: |
[Αθήνα :
Εφημερίδα Ελεύθερος Τύπος,
2007]
|
| Edition: | Συλλεκτική έκδοση. |
| Series: | (Αριστουργήματα της νεοελληνικής λογοτεχνίας)
|
| Subjects: | |
| Tags: |
Add Tag
No Tags, Be the first to tag this record!
|
MARC
| LEADER | 00000cam a2200000 i 4500 | ||
|---|---|---|---|
| 001 | 1/59582 | ||
| 008 | 141111s2007 gr | ||| |||| ||gre|| | ||
| 020 | |a 9606610403 | ||
| 035 | |l 10119722 | ||
| 040 | |a GR-MyUa |b gre |e AACR2 | ||
| 041 | 0 | |a gre | |
| 082 | 7 | |a 889.3 |2 (23) | |
| 100 | 1 | |a Κονδυλάκης, Ιωάννης Δ., |d 1861-1920. | |
| 245 | 1 | 2 | |a Η πρώτη αγάπη και άλλα διηγήματα / |c Ιωάννης Κονδυλάκης. |
| 250 | |a Συλλεκτική έκδοση. | ||
| 260 | |a [Αθήνα : |b Εφημερίδα Ελεύθερος Τύπος, |c 2007] | ||
| 300 | |a 191 σ. ; |c 22 εκ. | ||
| 490 | 0 | |a (Αριστουργήματα της νεοελληνικής λογοτεχνίας) | |
| 650 | 0 | |a Short stories, Greek (Modern) | |
| 852 | |a INST |b SYROS |e 20141111 |h 889.3 ΚΟΝ |p 005500012371 |q 005500012371 |t BK |y 0 | ||
| 901 | |a BIBL5-2014-3 | ||
| 970 | |a Κοντού |b Παρασκευή |z 11/11/2014 | ||